000 00757nam a22002297a 4500
005 20150219150924.0
008 140714b xxu||||| |||| 00| 0 Urdu d
010 _aUR-8638
020 q _c200..00
020 _c9789350733882
035 _aU-7193
037 _bDBAD/Pub.
040 _aDPL
_bUrdu
082 _a840.8
100 _aٹر يا حما ل مظہر ی
245 _aشا گر د ا ن حميل مظہر ی
_cٹر يا حما ل مظہر ی
246 _aShagirdan-e- Jamil Mazhari
_bBy Suraiya Jamal Mazhari
260 _aد ھلی
_bEducational Publishing House
_c2014
270 _a3108,Vakeel Street,Kucha Pandit,Lal Kuan
_b.Delhi
_e110006
300 _a192ص
_c22Cm (Hb)
942 _2ddc
_cUR
_e
_h840.8
_mث ر ی
999 _c91598
_d91598